[Event "Wch Seniors 50 29th"]
[Site "Bucharest"]
[Date "2019.11.23"]
[Round "11"]
[White "Gavrish, Leonid"]
[Black "Dobrescu, Gabriel"]
[Result "1-0"]
[WhiteElo "2077"]
[BlackElo "1888"]
[PlyCount "53"]
[EventDate "2019.11.12"]
[EventType "swiss"]
[EventRounds "11"]
[EventCountry "ROU"]
[SourceTitle "CBM 193 Extra"]
[Source "ChessBase"]
[SourceDate "2020.01.31"]
[SourceVersion "1"]
[SourceVersionDate "2020.01.31"]
[SourceQuality "1"]

1. d4 c6 2. c4 d6 3. e4 Nd7 4. Nc3 h6 5. Nf3 g5 6. Be3 Bg7 7. Qd2 Ngf6 8. h4 g4 9. Ng1 Qa5 10. Bd3 c5 11. Nge2 cxd4 12. Nxd4 Ne5 13. Be2 a6 14. f4 gxf3 15. gxf3 Be6 16. Nxe6 fxe6 17. Rg1 Rh7 18. f4 Nc6 19. 0-0-0 0-0-0 20. Kb1 Kb8 21. Bf3 Nd7 22. e5 Bh8 23. Qc2 Nf8 24. Rg8 Nb4 25. Qf2 dxe5 26. Bb6 Rxd1+ 27. Bxd1 1-0

[Event "Wch Seniors 50 29th"]
[Site "Bucharest"]
[Date "2019.11.22"]
[Round "10"]
[White "Dobrescu, Gabriel"]
[Black "Schneider, Waldemar"]
[Result "1-0"]
[WhiteElo "1888"]
[BlackElo "1636"]
[PlyCount "113"]
[EventDate "2019.11.12"]
[EventType "swiss"]
[EventRounds "11"]
[EventCountry "ROU"]
[SourceTitle "CBM 193 Extra"]
[Source "ChessBase"]
[SourceDate "2020.01.31"]
[SourceVersion "1"]
[SourceVersionDate "2020.01.31"]
[SourceQuality "1"]

1. Nf3 d5 2. b3 Nf6 3. c4 dxc4 4. bxc4 e6 5. g3 Bd7 6. Ne5 Bc8 7. Bb2 Be7 8. Bg2 0-0 9. 0-0 Nbd7 10. Nd3 Nc5 11. Nxc5 Bxc5 12. d4 Be7 13. e4 Bd7 14. Nc3 c6 15. Qe2 Rb8 16. a4 Be8 17. Kh1 Nd7 18. f4 f6 19. e5 Bf7 20. d5 cxd5 21. cxd5 fxe5 22. fxe5 Bc5 23. d6 Bd4 24. Nb5 Bxb2 25. Qxb2 Qb6 26. a5 Qc5 27. Rfe1 a6 28. Nc7 Qc4 29. Rac1 Qa4 30. Ra1 Qc4 31. Rac1 Qa4 32. Ra1 Qc4 33. Re4 Qd3 34. Ree1 Rfd8 35. Be4 Qc4 36. Rac1 Qa4 37. Ra1 Qc4 38. Rac1 Qa4 39. Qc3 Qa2 40. Rc2 Qa4 41. Rcc1 Nf8 42. Ra1 Qd7 43. Rab1 Bg6 44. Qd4 Bxe4+ 45. Qxe4 Qc6 46. Qxc6 bxc6 47. Rb6 Rxb6 48. axb6 Rb8 49. Rb1 a5 50. Na6 Rb7 51. Nc5 Rb8 52. b7 Kf7 53. Rf1+ Ke8 54. Rxf8+ Kxf8 55. Nd7+ Ke8 56. Nxb8 a4 57. Nxc6 1-0

[Event "Wch Seniors 50 29th"]
[Site "Bucharest"]
[Date "2019.11.19"]
[Round "7"]
[White "Toma Andreica, Alin"]
[Black "Dobrescu, Gabriel"]
[Result "1-0"]
[WhiteElo "2154"]
[BlackElo "1888"]
[PlyCount "159"]
[EventDate "2019.11.12"]
[EventType "swiss"]
[EventRounds "11"]
[EventCountry "ROU"]
[SourceTitle "CBM 193 Extra"]
[Source "ChessBase"]
[SourceDate "2020.01.31"]
[SourceVersion "1"]
[SourceVersionDate "2020.01.31"]
[SourceQuality "1"]

1. e4 c6 2. d3 d5 3. Nd2 Qc7 4. Ngf3 Bg4 5. c3 Nf6 6. Be2 e6 7. 0-0 Be7 8. Re1 dxe4 9. dxe4 0-0 10. Nd4 Bxe2 11. Qxe2 Rd8 12. N2f3 Nbd7 13. Bg5 Nf8 14. c4 Ng4 15. Bxe7 Qxe7 16. Rad1 Nf6 17. e5 Ne8 18. Nb3 c5 19. h4 b6 20. Nbd2 Rd7 21. Ne4 Rad8 22. Nc3 h6 23. Rxd7 Rxd7 24. Rd1 Rxd1+ 25. Qxd1 Qd7 26. Qxd7 Nxd7 27. Kh2 Kf8 28. Kg3 Ke7 29. Kf4 Nb8 30. Ne1 Nc6 31. Nc2 Kd7 32. Ke4 Nc7 33. f4 Ne7 34. Ne3 h5 35. f5 g6 36. f6 Nf5 37. Nxf5 exf5+ 38. Kf4 Ne6+ 39. Ke3 a6 40. Nd5 b5 41. cxb5 axb5 42. g3 Nd4 43. Nf4 Nc2+ 44. Kd2 Nb4 45. a3 Nc6 46. e6+ fxe6 47. Nxg6 Ke8 48. Nf4 Kf7 49. Nxh5 e5 50. b3 Nd4 51. Kc3 Ne2+ 52. Kd3 Nc1+ 53. Kc2 Ne2 54. a4 c4 55. a5 Nd4+ 56. Kb2 cxb3 57. a6 Nc6 58. Kxb3 Kg6 59. Kc2 Kf7 60. Kd2 Kg6 61. Ke3 Kf7 62. Kd2 Kg6 63. Ng7 Kxf6 64. Ne8+ Kg6 65. Nd6 Na7 66. Kc3 Kf6 67. Kb4 f4 68. g4 Ke6 69. Ne4 Kd5 70. Nc3+ Ke6 71. Kc5 f3 72. Ne4 b4 73. Kxb4 Kd5 74. Ng3 Kd4 75. h5 Ke3 76. h6 Kf2 77. h7 Kxg3 78. h8Q Nc6+ 79. Kc5 f2 80. Qf6 1-0

[Event "Wch Seniors 50 29th"]
[Site "Bucharest"]
[Date "2019.11.16"]
[Round "5"]
[White "Suciu, Dinu Simi"]
[Black "Dobrescu, Gabriel"]
[Result "1-0"]
[WhiteElo "2086"]
[BlackElo "1888"]
[PlyCount "65"]
[EventDate "2019.11.12"]
[EventType "swiss"]
[EventRounds "11"]
[EventCountry "ROU"]
[SourceTitle "CBM 193 Extra"]
[Source "ChessBase"]
[SourceDate "2020.01.31"]
[SourceVersion "1"]
[SourceVersionDate "2020.01.31"]
[SourceQuality "1"]

1. e4 d6 2. d4 Nf6 3. Bd3 e5 4. c3 Nbd7 5. Nf3 Be7 6. 0-0 h6 7. Nbd2 c6 8. a4 Qc7 9. Nc4 b6 10. Ne3 Nf8 11. d5 a6 12. c4 c5 13. a5 g5 14. axb6 Qxb6 15. Bc2 Ng6 16. Nf5 Bxf5 17. exf5 Nf4 18. g3 Nh3+ 19. Kg2 g4 20. Nd2 Ng5 21. f4 gxf3+ 22. Nxf3 Nfh7 23. h4 Nxf3 24. Rxf3 Nf6 25. Rb3 Qc7 26. g4 Bd8 27. Rg3 Qe7 28. Raa3 Ra7 29. g5 hxg5 30. hxg5 Nh5 31. f6 Qf8 32. Ba4+ Rd7 33. Qg4 1-0

[Event "Wch Seniors 50 29th"]
[Site "Bucharest"]
[Date "2019.11.15"]
[Round "4"]
[White "Dobrescu, Gabriel"]
[Black "Pitschka, Claus"]
[Result "0-1"]
[WhiteElo "1888"]
[BlackElo "2186"]
[PlyCount "82"]
[EventDate "2019.11.12"]
[EventType "swiss"]
[EventRounds "11"]
[EventCountry "ROU"]
[SourceTitle "CBM 193 Extra"]
[Source "ChessBase"]
[SourceDate "2020.01.31"]
[SourceVersion "1"]
[SourceVersionDate "2020.01.31"]
[SourceQuality "1"]

1. e4 d6 2. d4 Nf6 3. Nc3 Nbd7 4. Nf3 e5 5. Bc4 Be7 6. Ng5 0-0 7. Bxf7+ Rxf7 8. Ne6 Qe8 9. Nxc7 Qd8 10. Nxa8 b5 11. f3 Bb7 12. Nxb5 Bxa8 13. d5 Qb6 14. Qe2 Nc5 15. c4 Bb7 16. b4 Na6 17. Be3 Qd8 18. a3 g5 19. Bxa7 g4 20. fxg4 Bc8 21. h3 Qf8 22. 0-0-0 Qh6+ 23. Kb2 Qg6 24. Rde1 h5 25. Nc3 hxg4 26. Qc2 Nh5 27. Ne2 Bh4 28. Ref1 Rxa7 29. hxg4 Qxg4 30. g3 Bg5 31. c5 Nf6 32. Rh4 Qd7 33. c6 Qd8 34. Rh2 Bg4 35. Rfh1 Qb6 36. Rh8+ Kg7 37. Nc3 Bf3 38. R1h3 Qd4 39. Qh2 Bxe4 40. R3h4 Bxh4 41. Rxh4 Nxb4 0-1

[Event "Wch Seniors 50 29th"]
[Site "Bucharest"]
[Date "2019.11.12"]
[Round "1"]
[White "Jhunjhnuwala, Ramesh"]
[Black "Dobrescu, Gabriel"]
[Result "0-1"]
[WhiteElo "2206"]
[BlackElo "1888"]
[PlyCount "72"]
[EventDate "2019.11.12"]
[EventType "swiss"]
[EventRounds "11"]
[EventCountry "ROU"]
[SourceTitle "CBM 193 Extra"]
[Source "ChessBase"]
[SourceDate "2020.01.31"]
[SourceVersion "1"]
[SourceVersionDate "2020.01.31"]
[SourceQuality "1"]

1. e4 d6 2. d4 Nf6 3. Nc3 e5 4. dxe5 dxe5 5. Qxd8+ Kxd8 6. Bg5 Be6 7. 0-0-0+ Nbd7 8. Nf3 Kc8 9. Bd3 Bc5 10. Bh4 Ng4 11. Rhf1 f6 12. h3 Nh6 13. Nd2 g5 14. Bg3 c6 15. Bc4 Bxc4 16. Nxc4 Nf7 17. Na4 Bb4 18. Ne3 b5 19. Nc3 Bxc3 20. bxc3 Nb6 21. f3 h5 22. Bf2 Kc7 23. Nf5 Nc4 24. Bc5 Nh6 25. Ng7 Rh7 26. Nxh5 Ng8 27. Ng3 Ne7 28. Bxe7 Rxe7 29. Nf5 Rh7 30. Rd3 a5 31. Rfd1 a4 32. Ne3 Nb6 33. Rd6 Rf8 34. Re6 Rd7 35. Rd3 Rxd3 36. cxd3 Kd7 0-1